000 02395nam a22003857a 4500
999 _c21851
_d21851
003 AR-CdUCM
008 190425b ||||| |||| 00| 0 spa d
040 _aMUNICIPALIDAD PROVINCIAL DEL CUSCO
_cBIBLIOTECA MUNICIPAL DEL CUSCO
082 _aRev.Andi/N°29/1997
110 _aCentro Bartolomé de Las Casas
_93293
245 _aRevista andina /
_cCentro de estudios rurales andinos Bartolomé de Las Casas Cusco
260 _aCusco :
_bCentro Bartolomé de Las Casas,
_c1997.
300 _a272 páginas. :
_c23 cm.
440 _aPublicación Semestral del Centro Bartolomé de Las Casas Cusco.
_nAño 15, Número 29, N°1, primer semestre 1997.
_946445
500 _aRecursos naturales andinos
505 _aContenido: Retos de la gestión ambiental en los Andes y la Amazonía. Annette Salis. -- Pobreza y manejo adecuado de los recursos en la Amazonía peruana. Antonio Brack Egg. -- Conflictos de distribución ecológica. Joan Martínez-Alier. -- Viveros y reforestación en comunidades campesinas un proceso de innovación tecnológica. Jorge Chávez. -- Los fondos ambientales nacionales como mecanismo financiero para la gestión ambiental capitalización y conversión de deuda, éxitos y debacles. Alejandro Camino D. C. -- La fonología del idioma mochica en los siglos XVI – XVII. Alfredo Torero. -- Marginalidad o relevancia de un factor de cambio lingüístico la transferencia por contacto. Aportaciones al tema desde el quechua santiagueño. Germán de Granda. -- El Diccionario quechua de los académicos cuestiones lexicográficas, normativas y etimológicas. Rodolfo Cerrón-Palomino. -- Sexo, pintura de los incas y Taqui Onqoy escenas de la vida cotidiana en el Cuzco del siglo XVI. Henrique Urbano.
650 _aRecursos naturales
_91988
650 _aAmazonia peruana
_97545
650 _aEcología
_94960
650 _aGestión ambiental
_930438
650 _aIdioma Mochica
_946446
650 _aTaqui onqoy
_946447
650 _aIdioma quechua
_927790
700 _aSalis, Annette
_946448
700 _aBrack Egg, Antonio
_920282
700 _aMartínez Alier, Joan
_923364
700 _aChávez, Jorge
_946449
700 _aCamino, Alejandro
_946450
700 _aTorero, Alfredo
_92062
700 _aDe Granda, Germán
_946421
700 _aCerrón Palomino, Rodolfo
_97429
700 _aUrbano, Henrique
_92078
942 _2ddc
_cPP
945 _arac